| 000 | 00459nam a22001577a 4500 | ||
|---|---|---|---|
| 020 | _a9788178082639 | ||
| 040 | _cNUST | ||
| 082 | _a621.4021 ROG | ||
| 100 |
_aRogers, Gordon _983518 |
||
| 110 |
_aMayhew, Yon _9114242 |
||
| 245 |
_aEngineering Thermodynamics: _bWork and Heat Transfer |
||
| 250 | _a4th Edition | ||
| 260 |
_aNew Delhi: _bPearson Education, _c2003. |
||
| 650 |
_aEngineering Thermodynamics Work and Heat Transfer _9114243 |
||
| 942 |
_2ddc _cBK |
||
| 999 |
_c595611 _d595611 |
||